=LDR 00000nam 2200000 4500 =001 INLIS000000000031373 =005 20130612133442 =008 ***********************************Ind** =035 ##$$0010-061300000031373 =041 ##$$a Ind =082 ##$$a 158.1 =090 ##$$a 158.1, Jar k =100 ##$$a Jarullah, Syaikh Abdullah =245 ##$$a Kiat menjadi kaya, Syaikh Abdullah bin Jarullah =260 ##$$a 1996 $b Jakarta =300 ##$$a 51 hlm, 17 cm =650 ##$$a Kiat Menjadi Kaya =850 ##$$a NBPNMAT